000 00939nas a2200289 4500
001 BR8707909
003 BR-BrBNA
005 20231205090949.0
007 ta
008 230509b bl.|||p| |||| 00| 00por d
040 _aBR-BrBNA
_bpor
_cBiblioteca Nacional de Agricultura
041 _a(Pt)
072 _aH10; F04
100 1 _aCovolo, G.
100 1 _aGiracca, E.M.
100 1 _aFries, M.R.
100 1 _aAltmann, N.
245 1 _aEfeito de alguns aditivos organicos sobre o nematoide Meloidogyne sp. em soja (Glycine max (L.)Merrill)
246 1 _aEffects of organic matter residues on the nematode Meloidogyne sp. in soybean
650 _aSOJA
650 _aNEMATOIDE
650 _aADUBO ORGÂNICO
650 _aMATERIA ORGANICA
773 0 _tRevista do Centro de Ciencias Rurais (Brazil)
_xISSN 0085-5901
_g(1986), v. 16(4) p. 319-324
_wBR8707909
909 _a202311
_bLúcia
_c55
_dLúcia Elande
942 _2AGRIS
_n0
_cANA
999 _c121913
_d121913